Väkirikkaimmat saaret - Statistics

Yleistilastot
  • Tätä visaa on pelattu 67 kertaa
  • Keskiarvotulos 12 / 16
Vastaustilastot
Asukasluku Maanosa Saari % Oikein
23 461 708 Aasia Taiwan
92%
64 163 534 Eurooppa Iso-Britannia
90%
104 000 000 Aasia Honshū
86%
141 370 000 Aasia Jaava
86%
25 571 000 Afrikka Madagaskar
86%
21 203 000 Aasia Sri Lanka
86%
21 258 000 Aasia Borneo
80%
11 167 325 Pohjois-Amerikka Kuuba
78%
58 455 800 Aasia Sumatra
78%
11 818 000 Aasia/Oseania Uusi-Guinea
76%
21 107 000 Pohjois-Amerikka Hispaniola
70%
60 770 440 Aasia Luzon
68%
18 455 058 Aasia Sulawesi
66%
25 537 691 Aasia Mindanao
56%
13 200 000 Aasia Kyushu
48%
15 111 974 Aasia Salsette
24%
Ehtoja vastaavia visoja ei löytynyt
Tulosjakauma
Jokaisen tuloksen saaneiden osuus
Persentiili vastausten määrän mukaan
Tuloshistoriasi
Et ole pelannut tätä visaa